| 000 | 00556nam a2200205 4500 | ||
|---|---|---|---|
| 003 | LK-CoMWRAF | ||
| 005 | 20231212145803.0 | ||
| 008 | 230905b2003 |||||||| |||| 00| 0 eng d | ||
| 020 | _a0954477006 | ||
| 040 |
_aLK-CoMWRAF _dLK-CoMWRAF _eLK-CoMWRAF |
||
| 041 | _aeng | ||
| 082 |
_a303.66 _bFER |
||
| 100 | _aFernando, Chandra | ||
| 245 | _aA Little book of peace | ||
| 260 |
_aColombo : _bMuslim women's research and action forum, _c2003 |
||
| 300 | _a36p | ||
| 650 | _a Peace -- Miscellanea | ||
| 700 |
_aGolding, C.B. _econt. _eills. |
||
| 942 | _cBK | ||
| 999 |
_c3412 _d3412 |
||